| 000 | 00489nam a2200193Ia 4500 | ||
|---|---|---|---|
| 005 | 20140402140226.0 | ||
| 008 | 140130s9999 xx 000 0 und d | ||
| 020 | _a0439680557 | ||
| 050 |
_aPZ 7 _b.M913 2004 |
||
| 100 |
_aMoss, Samantha _924348 |
||
| 245 |
_cSamantha Moss. _aCat catches killer / |
||
| 260 |
_bScholastic, _c2004. _aUSA : |
||
| 300 |
_a24 p. : _bcol. ill. ; _c20 cm. |
||
| 440 |
_v1 _931028 |
||
| 521 | _aG4 | ||
| 526 | _c600 | ||
| 942 |
_cBK _2lcc |
||
| 999 |
_c40743 _d40743 |
||